00270nam a2200097Ia 4500008004100000020001500041100002500056245002800081260004400109300001900153180205s9999 xx 000 0 und d a9712311058 aDe leon, Emmanuel B. aIndustrial psychology / aRecto Avenue CitybREX book storec1993 aiii, 346 pages